[Event "chess.com SpeedChess Q2Sw"]
[Site "chess.com INT"]
[Date "2022.11.12"]
[Round "13"]
[White "Bluebaum, Matthias"]
[Black "Swiercz, Dariusz"]
[Result "1-0"]
[WhiteTitle "GM"]
[BlackTitle "GM"]
[WhiteElo "2651"]
[BlackElo "2646"]
[WhiteFideId "24651516"]
[BlackFideId "1126881"]
[EventDate "2022.11.12"]

1. d4 d6 2. Nf3 g6 3. c4 Bg7 4. Nc3 Nf6 5. e4 O-O 6. Be2 Na6 7. O-O e5 8. Be3
Qe7 9. dxe5 dxe5 10. h3 c6 11. a3 Nc5 12. Qc2 Nh5 13. Rfd1 Ne6 14. c5 Nef4 15.
Bf1 g5 16. Nh2 Nf6 17. b4 h5 18. Ne2 h4 19. f3 Be6 20. Rd2 Rfd8 21. Rad1 Rxd2
22. Qxd2 Bb3 23. Rb1 Rd8 24. Qb2 Be6 25. Qc2 Qd7 26. Ng4 Nxg4 27. hxg4 a6 28.
Nc3 Qe7 29. Rd1 Bf6 30. Na4 Rxd1 31. Qxd1 Qd8 32. Qc2 Kg7 33. Nb6 Be7 34. Nc4 f6
35. Bf2 Bf7 36. Ne3 Ne6 37. Nf5+ Kf8 38. Bc4 Nf4 39. Bxf7 Kxf7 40. Qc4+ Kf8 41.
Be3 Qd1+ 42. Kh2 Ne2 43. Qe6 Bd8 44. Nd6 Kg7 45. Qf7+ Kh8 46. Qg6 Ng3 47. Nf7# 1-0

[Event "chess.com SpeedChess Q2Sw"]
[Site "chess.com INT"]
[Date "2022.11.12"]
[Round "13"]
[White "Matinian, Nikita"]
[Black "Goltsev, Dmitry"]
[Result "1/2-1/2"]
[WhiteTitle "GM"]
[BlackTitle "FM"]
[WhiteElo "2425"]
[BlackElo "2232"]
[WhiteFideId "24129100"]
[BlackFideId "24176710"]
[EventDate "2022.11.12"]

1. e4 e6 2. d4 d5 3. Nc3 c5 4. exd5 exd5 5. Bb5+ Nc6 6. Nf3 Nf6 7. O-O Be7 8.
dxc5 Bxc5 9. Re1+ Be6 10. Nd4 O-O 11. Be3 Nxd4 12. Bxd4 Qb6 13. Na4 Qxb5 14.
Nxc5 Ne4 15. Nxe6 fxe6 16. Qg4 Qd7 17. Rad1 Rae8 18. c4 Qf7 19. cxd5 Nxf2 20.
dxe6 Nxg4 21. exf7+ Kxf7 22. Rxe8 Rxe8 23. Bxa7 Kg6 24. h3 Nf6 25. Rd6 Ra8 26.
Bd4 Rxa2 27. Bxf6 gxf6 28. Rb6 Ra7 29. Kf2 h5 30. Kg3 Kg5 31. h4+ Kg6 32. Kf4
Ra4+ 33. b4 Ra2 34. g3 Ra7 35. g4 hxg4 36. Kxg4 Ra1 37. h5+ Kf7 38. Rxb7+ Ke6
39. h6 Rg1+ 40. Kf4 Rf1+ 41. Ke3 Rh1 42. h7 Kd5 43. b5 Kc5 44. Kf4 Kd6 45. Kf5
Rh6 46. Rf7 Kc5 47. Rb7 Kd6 48. Kg4 Kc5 49. Kf4 Kd6 50. Kf5 Kd5 51. Rd7+ Kc5 52.
Ke6 Kxb5 53. Rg7 Kc5 54. Kf7 Kd4 55. Kg8 f5 56. Rf7 Ke4 57. h8=Q Rxh8+ 58. Kxh8
f4 59. Kg7 f3 60. Kg6 Ke3 61. Kg5 f2 62. Kg4 Ke2 63. Kg3 f1=Q 64. Rxf1 Kxf1 1/2-1/2

[Event "chess.com SpeedChess Q2Sw"]
[Site "chess.com INT"]
[Date "2022.11.12"]
[Round "13"]
[White "Feng, Eric"]
[Black "Musovic, Armin"]
[Result "0-1"]
[BlackTitle "FM"]
[WhiteElo "1885"]
[BlackElo "2276"]
[WhiteFideId "30952590"]
[BlackFideId "939935"]
[EventDate "2022.11.12"]

1. d4 d5 2. c4 c5 3. cxd5 Qxd5 4. e3 cxd4 5. exd4 Nc6 6. Nf3 e5 7. dxe5 Qxd1+ 8.
Kxd1 Bg4 9. Be2 O-O-O+ 10. Bd2 f6 11. exf6 Nxf6 12. Kc1 Bc5 13. Rf1 Rhe8 14. Nc3
Bf5 15. Nh4 Be4 16. a3 Nd4 17. Bc4 Bc6 18. Be3 Kb8 19. b4 Bb6 20. Kb2 Ng4 21.
Bg5 Rc8 22. h3 Ne5 23. Bf4 Bxg2 24. Nxg2 Rxc4 25. Ne3 Rcc8 26. Ng4 Nf3 27. Rae1
Bd4 28. Bxe5+ Nxe5 29. Re3 Nc4+ 30. Kb3 Nxe3 31. fxe3 Rxc3+ 32. Kb2 Rcxe3+ 33.
Ka2 Rxh3 34. Rd1 Re2+ 35. Kb1 Rb3+ 36. Kc1 Rc3+ 37. Kb1 Rc4 38. Rd3 Rb2+ 39. Ka1
Rc1# 0-1

[Event "chess.com SpeedChess Q2Sw"]
[Site "chess.com INT"]
[Date "2022.11.12"]
[Round "13"]
[White "Azarov, Sergei"]
[Black "Samadov, Read"]
[Result "1-0"]
[WhiteTitle "GM"]
[BlackTitle "FM"]
[WhiteElo "2562"]
[BlackElo "2450"]
[WhiteFideId "13501470"]
[BlackFideId "13417444"]
[EventDate "2022.11.12"]

1. e4 c5 2. Nf3 d6 3. d4 cxd4 4. Nxd4 Nf6 5. Nc3 a6 6. Bg5 Nbd7 7. f4 Qc7 8. Be2
e6 9. O-O Be7 10. Bf3 Rb8 11. a4 h6 12. Bh4 Nxe4 13. Nxe6 Qb6+ 14. Kh1 Bxh4 15.
Bxe4 Bf6 16. Nd5 Qxb2 17. Nec7+ Kf8 18. c3 Kg8 19. Re1 Nc5 20. Nxf6+ gxf6 21.
Bf3 Qxc3 22. Nd5 Qb2 23. Rb1 Qa3 24. Nxf6+ Kg7 25. Nh5+ Kh7 26. Qxd6 Be6 27.
Be4+ f5 28. Bxf5+ 1-0

[Event "chess.com SpeedChess Q2Sw"]
[Site "chess.com INT"]
[Date "2022.11.12"]
[Round "13"]
[White "Chernov, Mikhail"]
[Black "Gheorghiu, Calin"]
[Result "0-1"]
[WhiteTitle "FM"]
[BlackTitle "FM"]
[WhiteElo "2213"]
[BlackElo "2300"]
[WhiteFideId "24143170"]
[BlackFideId "1200305"]
[EventDate "2022.11.12"]

1. e4 c5 2. Nf3 d6 3. d4 cxd4 4. Nxd4 Nf6 5. Nc3 a6 6. Bc4 e6 7. Bb3 b5 8. Bg5
Be7 9. Qf3 Qc7 10. e5 Bb7 11. exd6 Bxd6 12. Qe3 Nbd7 13. O-O-O h6 14. Nxe6 fxe6
15. Qxe6+ Be7 16. Rhe1 O-O-O 17. Qxe7 hxg5 18. Qxg7 Qf4+ 19. Kb1 Rxh2 20. Re7
Rxg2 21. Be6 Qxf2 22. Qg6 Be4 23. Bxd7+ Rxd7 24. Re8+ Kc7 25. Rxd7+ Nxd7 0-1

[Event "chess.com SpeedChess Q2Sw"]
[Site "chess.com INT"]
[Date "2022.11.12"]
[Round "13"]
[White "Danielyan, Vahe"]
[Black "Harikrishna, Pentala"]
[Result "1-0"]
[WhiteTitle "IM"]
[BlackTitle "GM"]
[WhiteElo "2307"]
[BlackElo "2715"]
[WhiteFideId "13304828"]
[BlackFideId "5007003"]
[EventDate "2022.11.12"]

1. e4 c5 2. Nc3 e6 3. Nf3 Nc6 4. Bb5 Nd4 5. O-O a6 6. Bd3 Nc6 7. a3 b5 8. b4 c4
9. Be2 d5 10. exd5 exd5 11. d3 Nf6 12. dxc4 bxc4 13. Bg5 Be6 14. Nd4 Nxd4 15.
Qxd4 Be7 16. Bf3 h6 17. Bh4 O-O 18. Rfe1 Re8 19. Rad1 a5 20. b5 g5 21. Bg3 Bxa3
22. Be5 Be7 23. b6 Nd7 24. Bc7 Bc5 25. Qd2 Qf6 26. b7 Ra7 27. Nxd5 Qg7 28. Nc3
g4 29. Bc6 Bb4 30. Rxe6 Rxe6 31. Qxd7 Rxb7 32. Qc8+ Kh7 33. Be4+ Rxe4 34. Nxe4
Rb5 35. Qd7 Rh5 36. Bd8 Re5 1-0

[Event "chess.com SpeedChess Q2Sw"]
[Site "chess.com INT"]
[Date "2022.11.12"]
[Round "13"]
[White "Gurevich, Dmitry"]
[Black "Vifleemskaia, Svetlana"]
[Result "1-0"]
[WhiteTitle "GM"]
[BlackTitle "WFM"]
[WhiteElo "2396"]
[BlackElo "1947"]
[WhiteFideId "2000407"]
[BlackFideId "4129490"]
[EventDate "2022.11.12"]

1. d4 Nf6 2. c4 e6 3. Nc3 Bb4 4. a3 Bxc3+ 5. bxc3 d6 6. e3 e5 7. Bd3 e4 8. Bc2
O-O 9. Ne2 c5 10. O-O Nc6 11. Ng3 Qe7 12. f3 exf3 13. Qxf3 Bg4 14. Qf2 d5 15.
cxd5 Nxd5 16. h3 Bd7 17. Nf5 Qf6 18. c4 Nde7 19. Nxe7+ Qxe7 20. Bb2 Rae8 21.
Rae1 Na5 22. Bd3 b5 23. cxb5 c4 24. Bc2 Rb8 25. Bc3 Rxb5 26. Bb4 Rxb4 27. axb4
Qxb4 28. Qh4 g6 29. Rf2 Qxe1+ 30. Kh2 Qb4 31. e4 Qd6+ 32. e5 Qe6 33. Rf6 Qd5 34.
Rd6 Qb7 35. Qe7 Nc6 36. Qxd7 Qxd7 37. Rxd7 Nb4 38. Be4 Rc8 39. Rb7 1-0

[Event "chess.com SpeedChess Q2Sw"]
[Site "chess.com INT"]
[Date "2022.11.12"]
[Round "13"]
[White "Matveeva, Olga"]
[Black "Sanchez, Robert"]
[Result "0-1"]
[WhiteTitle "WIM"]
[WhiteElo "2111"]
[BlackElo "1971"]
[WhiteFideId "24107018"]
[BlackFideId "2034360"]
[EventDate "2022.11.12"]

1. d4 Nf6 2. c4 e6 3. g3 Bb4+ 4. Bd2 Be7 5. Bg2 O-O 6. Nf3 d5 7. O-O Nbd7 8. Qc2
c6 9. Rd1 b6 10. Bf4 Bb7 11. Ne5 Nxe5 12. dxe5 Nd7 13. Nc3 g5 14. Be3 Nxe5 15.
cxd5 cxd5 16. Bd4 Ng6 17. e4 e5 18. Be3 d4 19. Ne2 Qc8 20. Qxc8 Raxc8 21. Bd2
Rc2 22. b3 h6 23. Kf1 Ba3 24. Ke1 Rfc8 25. Bh3 R8c7 26. Bf5 Ne7 27. f4 Nxf5 28.
exf5 f6 29. b4 Rxd2 30. Rxd2 Bxb4 31. Kd1 Bxd2 32. Kxd2 Be4 33. fxe5 fxe5 34. g4
Rc2+ 35. Kd1 Rb2 36. Ng3 Rxh2 37. Nxe4 Rh1+ 38. Kd2 Rxa1 0-1

[Event "chess.com SpeedChess Q2Sw"]
[Site "chess.com INT"]
[Date "2022.11.12"]
[Round "13"]
[White "Aradhya, Garg"]
[Black "Jegorovas, Aleksandras"]
[Result "1/2-1/2"]
[WhiteTitle "FM"]
[BlackTitle "FM"]
[WhiteElo "2289"]
[BlackElo "2270"]
[WhiteFideId "25006746"]
[BlackFideId "12801950"]
[EventDate "2022.11.12"]

1. d4 Nf6 2. Nf3 e6 3. Bg5 Be7 4. e3 b6 5. c4 Bb7 6. Nc3 O-O 7. Bd3 h6 8. Bh4 c5
9. O-O cxd4 10. exd4 Bxf3 11. Qxf3 Nc6 12. Ne2 e5 13. d5 e4 14. Bxe4 Ne5 15. Qc3
Nxe4 16. Qxe5 Bxh4 17. Qxe4 Bf6 18. Rab1 Re8 19. Qd3 Rc8 20. Ng3 Qc7 21. b3 Qe5
22. h3 g6 23. Qd2 Bg5 24. f4 Qd6 25. fxg5 Qxg3 26. gxh6 Re3 27. Qd4 Re5 28. Rbe1
Rce8 29. Rxe5 Rxe5 30. h7+ Kxh7 31. Rxf7+ Kg8 32. Rf2 Re1+ 33. Rf1 Re2 34. Rf2
Re1+ 35. Rf1 Re2 36. Rf2 Re1+ 1/2-1/2

[Event "chess.com SpeedChess Q2Sw"]
[Site "chess.com INT"]
[Date "2022.11.12"]
[Round "13"]
[White "Deev, Andrei"]
[Black "Grot, Blazej"]
[Result "0-1"]
[WhiteTitle "IM"]
[BlackTitle "CM"]
[WhiteElo "2390"]
[BlackElo "1839"]
[WhiteFideId "4102690"]
[BlackFideId "21835845"]
[EventDate "2022.11.12"]

1. e4 c5 2. Nf3 e6 3. c3 Nf6 4. e5 Nd5 5. d4 cxd4 6. cxd4 b6 7. Nc3 Bb7 8. Bd3
d6 9. O-O Nd7 10. Re1 dxe5 11. dxe5 Be7 12. Qe2 a6 13. Bd2 b5 14. Rad1 Qb6 15.
Ne4 Nc5 16. Bb1 Nxe4 17. Bxe4 h6 18. a3 O-O 19. Bb1 Rfd8 20. Qe4 Nf6 21. Qf4 Nd5
22. Qg4 Kf8 23. h4 Bc5 24. Qg3 Rac8 25. h5 Rd7 26. Be4 Rcd8 27. b4 Be7 28. Bxd5
Bxd5 29. Be3 Qb7 30. Nd4 Rc8 31. Rc1 Rxc1 32. Rxc1 Rc7 33. Rxc7 Qxc7 34. Qf4 Bg5
35. Qg3 Bxe3 36. Qxe3 Qc4 37. Kh2 Qf1 0-1

[Event "chess.com SpeedChess Q2Sw"]
[Site "chess.com INT"]
[Date "2022.11.12"]
[Round "13"]
[White "Odegov, Artem"]
[Black "Ladan, Nicholas"]
[Result "0-1"]
[WhiteTitle "FM"]
[WhiteElo "2286"]
[BlackElo "2091"]
[WhiteFideId "34183644"]
[BlackFideId "30918855"]
[EventDate "2022.11.12"]

1. d4 d5 2. c4 e6 3. Nc3 Nf6 4. Bg5 Be7 5. Nf3 a6 6. e3 O-O 7. Qc2 Nbd7 8. a3
Re8 9. Rc1 h6 10. Bxf6 Nxf6 11. h4 dxc4 12. Bxc4 b5 13. Ba2 Bb7 14. Bb1 c5 15.
Rd1 Qc7 16. Ne5 cxd4 17. exd4 Rac8 18. O-O Be4 19. Nxe4 Qxc2 20. Bxc2 Rxc2 21.
Rd2 Rec8 22. Rxc2 Rxc2 23. Ng3 Rxb2 24. Rc1 Nd5 25. Rc8+ Kh7 26. Nxf7 Bxh4 27.
Ne4 g6 28. Rc6 Nf6 29. Nxf6+ Bxf6 30. Rxe6 Bxd4 31. Rxa6 Bxf2+ 32. Kh2 Kg7 33.
Ne5 Rb3 34. Rxg6+ Kh7 0-1

[Event "chess.com SpeedChess Q2Sw"]
[Site "chess.com INT"]
[Date "2022.11.12"]
[Round "13"]
[White "Naroditsky, Daniel"]
[Black "Yu, Yangyi"]
[Result "1-0"]
[WhiteTitle "GM"]
[BlackTitle "GM"]
[WhiteElo "2617"]
[BlackElo "2716"]
[WhiteFideId "2026961"]
[BlackFideId "8603820"]
[EventDate "2022.11.12"]

1. d4 Nf6 2. Bf4 d5 3. Nc3 c6 4. e3 Bf5 5. Nf3 e6 6. Ne5 h6 7. g4 Bh7 8. h4 Nfd7
9. Bd3 Nxe5 10. Bxe5 Bxd3 11. cxd3 Nd7 12. Bg3 Be7 13. Kf1 Qb6 14. Qe2 Qa6 15.
a4 b5 16. Kg2 b4 17. Nb1 c5 18. Nd2 Rc8 19. Rhc1 O-O 20. g5 h5 21. Nf3 b3 22.
dxc5 Rxc5 23. Qd1 Rfc8 24. Rxc5 Nxc5 25. Rc1 Rd8 26. Ne5 Bd6 27. Qxh5 Bxe5 28.
Bxe5 Nxd3 29. Bxg7 Kxg7 30. Qh6+ Kg8 31. g6 Qb7 32. g7 f5 33. Qh8+ Kf7 34. Qxd8
d4+ 35. f3 1-0

[Event "chess.com SpeedChess Q2Sw"]
[Site "chess.com INT"]
[Date "2022.11.12"]
[Round "13"]
[White "Fridman, Daniel"]
[Black "Shimanov, Aleksandr"]
[Result "1-0"]
[WhiteTitle "GM"]
[BlackTitle "GM"]
[WhiteElo "2602"]
[BlackElo "2581"]
[WhiteFideId "11600454"]
[BlackFideId "4198603"]
[EventDate "2022.11.12"]

1. Nf3 d5 2. g3 Nd7 3. d4 Ngf6 4. Bg2 e6 5. O-O c6 6. c4 dxc4 7. a4 a5 8. Qc2 b5
9. Nc3 Qb6 10. Ne5 Nxe5 11. dxe5 Nd5 12. axb5 cxb5 13. Nxd5 exd5 14. Bxd5 Ra7
15. Qe4 Bc5 16. Bc6+ Bd7 17. Bxd7+ Rxd7 18. Qa8+ Rd8 19. Qxa5 Qxa5 20. Rxa5 Kd7
21. Rxb5 Kc6 22. Ra5 Rd5 23. Kg2 Rxe5 24. Be3 Rb8 25. Rc1 Bxe3 26. Rxc4+ Bc5 27.
b4 Rxb4 28. Rxb4 Rxe2 29. Rf4 f6 30. h4 Kd6 31. h5 h6 32. Ra8 Ke7 33. Ra5 Bb6
34. Rb5 Re6 35. Rfb4 Bc7 36. Rb7 Rc6 37. Rd4 Ke6 38. Rd2 f5 39. f4 Kf6 40. Rd7
Rc2+ 41. Kh3 Ba5 42. Rd6# 1-0

[Event "chess.com SpeedChess Q2Sw"]
[Site "chess.com INT"]
[Date "2022.11.12"]
[Round "13"]
[White "Jones, Gawain C B"]
[Black "Firat, Burak"]
[Result "1/2-1/2"]
[WhiteTitle "GM"]
[BlackTitle "GM"]
[WhiteElo "2623"]
[BlackElo "2460"]
[WhiteFideId "409561"]
[BlackFideId "6305881"]
[EventDate "2022.11.12"]

1. a3 d5 2. Nf3 Nf6 3. b4 g6 4. Bb2 Bg7 5. e3 O-O 6. c4 c6 7. Nc3 a5 8. Be2 axb4
9. axb4 Rxa1 10. Qxa1 Na6 11. b5 Nc5 12. O-O Bf5 13. bxc6 bxc6 14. Nd4 Bd7 15.
Qa7 Nce4 16. Nxe4 Nxe4 17. d3 Nd6 18. cxd5 cxd5 19. Qc5 Qb8 20. Nc6 Bxc6 21.
Bxg7 Kxg7 22. Qxc6 e6 23. Qc3+ Kg8 24. g4 Rc8 25. Qe5 Qb4 26. Ra1 Qc3 27. Qxc3
Rxc3 28. Ra6 Rc2 29. Rxd6 Rxe2 30. g5 Kg7 31. Rd7 Rd2 32. d4 Ra2 33. Kg2 Rb2 34.
Kg3 Rc2 35. h3 Re2 36. Ra7 Kg8 37. Ra3 Kg7 38. f3 h6 39. h4 h5 40. Rb3 Re1 41.
Kf2 Rh1 42. Kg2 Re1 43. Ra3 Rd1 44. Ra2 Re1 45. Kf2 Rh1 46. Kg3 Rg1+ 47. Kf2 Rh1
48. Kg2 Re1 49. Ra3 Rd1 50. Ra2 Re1 1/2-1/2

[Event "chess.com SpeedChess Q2Sw"]
[Site "chess.com INT"]
[Date "2022.11.12"]
[Round "13"]
[White "Filgueira, Hernan"]
[Black "Matamoros Franco, Carlos S."]
[Result "1-0"]
[WhiteTitle "IM"]
[BlackTitle "GM"]
[WhiteElo "2283"]
[BlackElo "2451"]
[WhiteFideId "101770"]
[BlackFideId "3600017"]
[EventDate "2022.11.12"]

1. e4 e6 2. d3 d5 3. Nd2 Nf6 4. Ngf3 c5 5. g3 Nc6 6. Bg2 Be7 7. O-O O-O 8. a4 a6
9. Re1 Rb8 10. exd5 exd5 11. Nb3 h6 12. h3 b6 13. Bf4 Bd6 14. Ne5 Nxe5 15. Bxe5
Be6 16. a5 Bxe5 17. Rxe5 Nd7 18. Re1 bxa5 19. Qd2 Qf6 20. Rxa5 Qxb2 21. Nxc5
Nxc5 22. Rxc5 Rfc8 23. d4 Rxc5 24. dxc5 Qb4 25. Qe3 Rc8 26. Ra1 Qxc5 27. Qxc5
Rxc5 28. Ra5 Rxc2 29. Rxa6 d4 30. Ra8+ Kh7 31. Be4+ 1-0

[Event "chess.com SpeedChess Q2Sw"]
[Site "chess.com INT"]
[Date "2022.11.12"]
[Round "13"]
[White "Kabanova, Ekaterina"]
[Black "Grycel, Kamil"]
[Result "0-1"]
[WhiteTitle "WFM"]
[BlackTitle "FM"]
[WhiteElo "2088"]
[BlackElo "2315"]
[WhiteFideId "24112917"]
[BlackFideId "1115499"]
[EventDate "2022.11.12"]

1. c4 b6 2. e3 Bb7 3. a3 e6 4. b4 a5 5. bxa5 Rxa5 6. Bb2 f5 7. Nf3 Nf6 8. Be2
Be7 9. O-O O-O 10. d3 Nc6 11. Nbd2 Qa8 12. Nb3 Ra4 13. Qc1 Qa7 14. Re1 Ra8 15.
c5 Na5 16. Nxa5 Rxa5 17. cxb6 Qxb6 18. Rb1 Qc6 19. Qd2 Qa6 20. e4 Qa7 21. Rec1
fxe4 22. Bd4 c5 23. Bc3 exf3 24. Bxa5 fxe2 25. Bb6 Qxa3 26. Qxe2 Bc6 27. d4 cxd4
28. Bxd4 Qa2 29. Rb2 Qd5 30. Rxc6 Ra1+ 31. Qf1 Rxf1+ 32. Kxf1 Qxc6 33. Be3 Qc4+
34. Re2 Nd5 35. Ke1 Bb4+ 36. Kd1 Nc3+ 0-1

[Event "chess.com SpeedChess Q2Sw"]
[Site "chess.com INT"]
[Date "2022.11.12"]
[Round "13"]
[White "Martinez Alcantara, Jose Eduardo"]
[Black "Xiong, Jeffery"]
[Result "0-1"]
[WhiteTitle "GM"]
[BlackTitle "GM"]
[WhiteElo "2597"]
[BlackElo "2692"]
[WhiteFideId "3805662"]
[BlackFideId "2047640"]
[EventDate "2022.11.12"]

1. e4 e6 2. d4 d5 3. exd5 exd5 4. Nf3 Nc6 5. h3 Bd6 6. Bd3 Nge7 7. Nc3 Nb4 8.
Bb5+ c6 9. Ba4 a5 10. Bb3 O-O 11. O-O h6 12. a3 Na6 13. Re1 Bf5 14. Ne2 Nc7 15.
Bf4 Ne6 16. Bxd6 Qxd6 17. c3 b5 18. Bc2 a4 19. Ng3 Bxc2 20. Qxc2 Rae8 21. Re3
Ng6 22. Rae1 Qd7 23. Qf5 Re7 24. Qg4 Ree8 25. Nf5 Kh7 26. h4 Rg8 27. Ng5+ Nxg5
28. hxg5 Rxe3 29. Rxe3 Re8 30. Rh3 Re4 31. Nxh6 Rxg4 32. Nxg4+ Kg8 33. Ne3 Qe6
34. Rf3 Qe4 35. Rg3 Qb1+ 36. Kh2 Qxb2 37. Nf5 Qxa3 38. Re3 Kf8 39. Kg3 Ne7 40.
Nh4 Qb2 41. f4 a3 42. f5 Qd2 43. Re5 Qxg5+ 44. Kh3 a2 45. g4 a1=Q 46. Rxe7 Qh1+
47. Kg3 Qhxh4+ 48. Kf3 Qhxg4+ 49. Kf2 Qg2+ 50. Ke1 Q5d2# 0-1

[Event "chess.com SpeedChess Q2Sw"]
[Site "chess.com INT"]
[Date "2022.11.12"]
[Round "13"]
[White "Alahakoon, Isuru"]
[Black "Dehtiarov, Roman"]
[Result "0-1"]
[WhiteTitle "FM"]
[BlackTitle "FM"]
[WhiteElo "1984"]
[BlackElo "2300"]
[WhiteFideId "9900993"]
[BlackFideId "14186640"]
[EventDate "2022.11.12"]

1. Nf3 Nf6 2. d4 d5 3. e3 c5 4. b3 Nc6 5. Bb2 Bg4 6. Nbd2 e6 7. Bd3 Bd6 8. O-O
O-O 9. a3 Qe7 10. h3 Bh5 11. Qe1 e5 12. dxe5 Nxe5 13. Nxe5 Bxe5 14. Bxe5 Qxe5
15. f4 Qe7 16. g4 Bxg4 17. hxg4 Nxg4 18. Rf3 f5 19. Rh3 g6 20. Nf3 Rfe8 21. Ng5
h6 22. Qh4 Qg7 23. Nf3 Qxa1+ 24. Kg2 Nxe3+ 25. Kg3 Ng4 26. Ne5 Qg1+ 27. Kf3 Rxe5
28. fxe5 Nxe5+ 29. Ke2 Re8 30. Kd2 Nxd3 31. Rxd3 Kg7 32. Rxd5 Qe3+ 33. Kd1 Qf3+
34. Kd2 Qxd5+ 0-1

[Event "chess.com SpeedChess Q2Sw"]
[Site "chess.com INT"]
[Date "2022.11.12"]
[Round "13"]
[White "Gabrielian, Artur"]
[Black "Ter-Sahakyan, Samvel"]
[Result "1-0"]
[WhiteTitle "GM"]
[BlackTitle "GM"]
[WhiteElo "2460"]
[BlackElo "2605"]
[WhiteFideId "4131002"]
[BlackFideId "13302531"]
[EventDate "2022.11.12"]

1. e4 c6 2. d4 d5 3. e5 Bf5 4. h4 h5 5. Bd3 Bxd3 6. Qxd3 Qa5+ 7. Nd2 e6 8. Nf3
Nh6 9. O-O Nf5 10. a4 Be7 11. Nb3 Qa6 12. Qd1 Nxh4 13. Nxh4 Bxh4 14. Nc5 Qb6 15.
Ra3 Qc7 16. Rh3 Be7 17. Rxh5 Rxh5 18. Qxh5 Bxc5 19. dxc5 Qe7 20. b4 Nd7 21. Bg5
Qf8 22. Re1 b6 23. c4 bxc5 24. cxd5 cxd5 25. bxc5 Rc8 26. Rb1 Nxc5 27. Be3 Qe7
28. Qh8+ Qf8 29. Qh4 Nd7 30. Rb7 a6 31. a5 Nxe5 32. Qa4+ Nc6 33. Rb6 Qd6 34.
Rxa6 Qd7 35. Qh4 Ne5 36. Qh8+ Ke7 37. Bg5+ f6 38. Qxg7+ Nf7 39. Bxf6+ 1-0

[Event "chess.com SpeedChess Q2Sw"]
[Site "chess.com INT"]
[Date "2022.11.12"]
[Round "13"]
[White "Sevian, Samuel"]
[Black "Hakobyan, Aram"]
[Result "0-1"]
[WhiteTitle "GM"]
[BlackTitle "GM"]
[WhiteElo "2687"]
[BlackElo "2613"]
[WhiteFideId "2040506"]
[BlackFideId "13306677"]
[EventDate "2022.11.12"]

1. d4 Nf6 2. Nf3 g6 3. c4 d6 4. Nc3 Bg7 5. e4 O-O 6. h3 Nbd7 7. Bg5 e5 8. d5 a5
9. Nd2 h6 10. Be3 Nc5 11. g4 Bd7 12. Be2 b6 13. h4 Nh7 14. h5 Ng5 15. Qc2 a4 16.
O-O-O a3 17. b3 Na6 18. f3 Nb4 19. Qb1 f5 20. gxf5 gxf5 21. Rdg1 f4 22. Bf2 Kh7
23. Nf1 Nh3 24. Rg2 Nxf2 25. Rxf2 Bf6 26. Nh2 Rg8 27. Ng4 Bh4 28. Rfh2 Bxg4 29.
Rxh4 Bd7 30. Kd2 Rg2 31. R4h2 Rg3 32. Nd1 Qg5 33. Nf2 c5 34. Qa1 Rg8 35. Nd3
Nxd3 36. Kxd3 Bg4 37. Qf1 Qd8 38. Kd2 Bd7 39. Qc1 Qa8 40. Qc3 Rg2 41. Rxg2 Rxg2
42. Ke1 Qa5 43. Qxa5 bxa5 44. Kf1 Rg3 45. Kf2 Kg7 46. Bf1 Kf6 47. Bg2 Kg5 48.
Bf1 Be8 49. Bg2 Bxh5 50. Rh2 Be8 51. Bh3 h5 52. Bc8 h4 53. Ba6 Bh5 0-1

[Event "chess.com SpeedChess Q2Sw"]
[Site "chess.com INT"]
[Date "2022.11.12"]
[Round "13"]
[White "Bok, Benjamin"]
[Black "Zhigalko, Sergei"]
[Result "1-0"]
[WhiteTitle "GM"]
[BlackTitle "GM"]
[WhiteElo "2618"]
[BlackElo "2572"]
[WhiteFideId "1017063"]
[BlackFideId "13502956"]
[EventDate "2022.11.12"]

1. c4 e5 2. g3 Nf6 3. Bg2 c6 4. Nf3 d6 5. Nc3 Be7 6. O-O O-O 7. d3 h6 8. b4 Be6
9. b5 Nbd7 10. bxc6 bxc6 11. Bb2 Rb8 12. Qc2 d5 13. Nd2 Nc5 14. Rab1 Re8 15.
Rfc1 Qa5 16. Nb3 Nxb3 17. axb3 Bf8 18. Na4 Nd7 19. Bc3 Bb4 20. Ra1 Qd8 21. Bxb4
Rxb4 22. Nc3 Nf6 23. Rxa7 Qb6 24. Ra3 Rb8 25. Na4 Qa7 26. h3 e4 27. dxe4 dxc4
28. bxc4 Rxc4 29. Qd1 Rbb4 30. Rca1 Rd4 31. Qe1 Qc7 32. Nc5 Bc4 33. e3 Rd8 34.
Qxb4 Bb5 35. Ra8 Rxa8 36. Rxa8+ Kh7 37. e5 Qxe5 38. Qd4 Qe7 39. Be4+ g6 40. Qd8
Qxc5 41. Qh8# 1-0

[Event "chess.com SpeedChess Q2Sw"]
[Site "chess.com INT"]
[Date "2022.11.12"]
[Round "13"]
[White "Tan, Zhongyi"]
[Black "Gubajdullin, Alexei"]
[Result "1-0"]
[WhiteTitle "GM"]
[BlackTitle "FM"]
[WhiteElo "2514"]
[BlackElo "2300"]
[WhiteFideId "8603642"]
[BlackFideId "4141202"]
[EventDate "2022.11.12"]

1. d4 Nf6 2. c4 g6 3. Nc3 Bg7 4. e4 d6 5. h3 O-O 6. Be3 Na6 7. Nf3 e5 8. d5 Nc5
9. Nd2 Nh5 10. b4 Nd7 11. g3 a5 12. a3 axb4 13. axb4 Rxa1 14. Qxa1 f5 15. exf5
gxf5 16. Be2 f4 17. Ba7 fxg3 18. Bxh5 Qh4 19. Bg4 e4 20. Ndxe4 gxf2+ 21. Bxf2
Rxf2 22. Nxf2 Qg3 23. Ne2 Qxg4 24. Qa8 Nb6 25. Nxg4 Nxa8 26. Kd2 Nb6 27. Rc1 h5
28. Ne3 Bxh3 29. Nf4 Bd7 30. Nxh5 Bh6 31. Nf6+ Kf7 32. Nxd7 Nxd7 33. Rf1+ Ke8
34. Ke2 Ne5 35. Nf5 Bf8 36. Rf4 c6 37. Rh4 b5 38. cxb5 cxb5 39. Nd4 Nc4 40. Nxb5
Nb6 41. Nc7+ Kd7 42. Rh7+ 1-0

[Event "chess.com SpeedChess Q2Sw"]
[Site "chess.com INT"]
[Date "2022.11.12"]
[Round "13"]
[White "Dubov, Daniil"]
[Black "Kollars, Dmitrij"]
[Result "1-0"]
[WhiteTitle "GM"]
[BlackTitle "GM"]
[WhiteElo "2708"]
[BlackElo "2611"]
[WhiteFideId "24126055"]
[BlackFideId "12909572"]
[EventDate "2022.11.12"]

1. d4 Nf6 2. Nf3 d5 3. c4 e6 4. g3 Bb4+ 5. Nbd2 O-O 6. Bg2 b6 7. O-O Bb7 8. Ne5
Nbd7 9. Ndf3 Bd6 10. Bg5 dxc4 11. Qc2 h6 12. Nxd7 Qxd7 13. Bxf6 gxf6 14. Qxc4
Kg7 15. Rfd1 Bd5 16. Qd3 f5 17. Nh4 Bxg2 18. Nxg2 Rad8 19. Rac1 Qa4 20. b3 Qa5
21. Rc2 c5 22. d5 Be5 23. Qf3 Qa6 24. Rcd2 Qb7 25. e4 Bd4 26. Ne3 fxe4 27. Qxe4
Bxe3 28. Qxe3 exd5 29. Qe5+ f6 30. Qf4 d4 31. Qg4+ Kh7 32. Qf5+ Kg7 33. Rd3 Rde8
34. Qg4+ Kh7 35. Rf3 Qe4 36. Rf4 Qg6 37. Qf3 f5 38. b4 Re4 39. Rxe4 fxe4 40.
Qxf8 Qg4 41. Qf7+ Kh8 42. Re1 d3 43. Qe8+ Kg7 44. Qxe4 Qxe4 45. Rxe4 d2 46. Re7+
Kf6 47. Rd7 1-0